LEADER 01685nam 2200577 450 001 9910814317703321 005 20200520144314.0 010 $a1-78371-157-4 010 $a1-78371-156-6 035 $a(CKB)3710000000354727 035 $a(EBL)3386794 035 $a(SSID)ssj0001550514 035 $a(PQKBManifestationID)16166076 035 $a(PQKBTitleCode)TC0001550514 035 $a(PQKBWorkID)14811042 035 $a(PQKB)11368948 035 $a(MiAaPQ)EBC3386794 035 $a(Au-PeEL)EBL3386794 035 $a(CaPaEBR)ebr11018352 035 $a(CaONFJC)MIL987453 035 $a(OCoLC)904547986 035 $a(EXLCZ)993710000000354727 100 $a20150216h20152015 uy 0 101 0 $aeng 135 $aur|n|---||||| 181 $ctxt 182 $cc 183 $acr 200 10$aBecoming Arab in London $eperformativity and the undoing of identity /$fRamy M.K. Aly 210 1$aLondon, England :$cPluto Press,$d2015. 210 4$d©2015 215 $a1 online resource (272 p.) 225 1 $aAnthropology, Culture and Society 300 $aDescription based upon print version of record. 311 $a0-7453-3358-3 311 $a0-7453-3359-1 320 $aIncludes bibliographical references and index. 410 0$aAnthropology, culture, and society. 606 $aCulture diffusion 606 $aArabs$zEngland$zLondon 615 0$aCulture diffusion. 615 0$aArabs 676 $a301.21 700 $aAly$b Ramy M. K.$01635431 801 0$bMiAaPQ 801 1$bMiAaPQ 801 2$bMiAaPQ 906 $aBOOK 912 $a9910814317703321 996 $aBecoming Arab in London$93976204 997 $aUNINA LEADER 01336nam2 22003253i 450 001 MIL0260233 005 20251003044229.0 010 $a0340529229 100 $a20240715d1994 ||||0itac50 ba 101 | $aeng 102 $agb 181 1$6z01$ai $bxxxe 182 1$6z01$an 183 1$6z01$anc$2RDAcarrier 200 1 $aˆ2B: ‰Bayesian inference$fAnthony O'Hagan 210 $aLondon$cEdward Arnold$aNew York$cHalsted press$d1994 215 $aXII, 330 p.$d25 cm. 461 1$1001MIL0210685$12001 $aKendall's advanced theory of statistics$fAlan Stuart, J. Keith Ord$v2B 606 $aInferenza statistica$2FIR$3CFIC023584$9E 696 $aStatistica inferenziale$aStatistica induttiva 699 $aInferenza statistica$yStatistica inferenziale 699 $aInferenza statistica$yStatistica induttiva 700 1$aO'Hagan$b, Anthony$3TO0V156533$4070$028422 801 3$aIT$bIT-000000$c20240715 850 $aIT-BN0095 912 $aMIL0260233 950 2$aBiblioteca Centralizzata di Ateneo$d 01M/S (AR) 29 052$e 01AR 0700290525 VMA 1 v.$fY $h20240715$i20240715$d 01M/S (AR) 19 133$e 01AR 0700191335 VMA 1 v.$fY $h20240716$i20240716 977 $a 01 996 $aBayesian inference$9911749 997 $aUNISANNIO